| Tag |
First Indicator |
Second Indicator |
Subfields |
| LEADER |
00000cam a2200000 i 4500 |
| 001 |
in00004007313 |
| 005 |
20211120182708.0 |
| 006 |
m o d f |
| 007 |
cr mn||||||||| |
| 008 |
141123s1976 dcuab ob f000 0 eng c |
| 035 |
|
|
|a (OCoLC)ocn896810346
|
| 040 |
|
|
|a COP
|b eng
|e rda
|e pn
|c COP
|d OCLCO
|d GPO
|d MvI
|d UtOrBLW
|
| 042 |
|
|
|a pcc
|
| 043 |
|
|
|a n-us-az
|
| 049 |
|
|
|a WWW
|
| 074 |
|
|
|a 0624 (online)
|
| 086 |
0 |
|
|a I 19.16:655-K
|
| 100 |
1 |
|
|a Burkham, D. E.,
|d 1927-
|e author.
|0 http://id.loc.gov/authorities/names/n80049664
|
| 245 |
1 |
0 |
|a Effects of changes in an alluvial channel on the timing, magnitude, and transformation of flood waves, southeastern Arizona /
|c by D. E. Burkham.
|
| 264 |
|
1 |
|a Washington :
|b United States Department of the Interior, Geological Survey,
|c 1975.
|
| 300 |
|
|
|a 1 online resource (iii, K25 pages) :
|b illustrations, maps.
|
| 336 |
|
|
|a text
|b txt
|2 rdacontent
|
| 337 |
|
|
|a computer
|b c
|2 rdamedia
|
| 338 |
|
|
|a online resource
|b cr
|2 rdacarrier
|
| 490 |
1 |
|
|a Geological Survey professional paper ;
|v 655-K
|
| 500 |
|
|
|a Title from title screen (viewed October 2, 2014).
|
| 500 |
|
|
|a "Gila River phreatophyte project."
|
| 504 |
|
|
|a Includes bibliographical references (pages K24-K25).
|
| 650 |
|
0 |
|a Channels (Hydraulic engineering)
|0 http://id.loc.gov/authorities/subjects/sh85022535
|
| 650 |
|
0 |
|a Floods
|z Arizona.
|
| 651 |
|
0 |
|a Gila River (N.M. and Ariz.)
|0 http://id.loc.gov/authorities/subjects/sh85054925
|
| 710 |
2 |
|
|a Geological Survey (U.S.),
|e issuing body.
|0 http://id.loc.gov/authorities/names/n80092173
|
| 776 |
0 |
8 |
|i Print version:
|a Burkham, D. E., 1927-.
|t Effects of changes in an alluvial channel on the timing, magnitude, and transformation of flood waves, southeastern Arizona
|w (DLC) 75619227
|w (OCoLC)1532618
|
| 830 |
|
0 |
|a Geological Survey professional paper ;
|v 655-K.
|0 http://id.loc.gov/authorities/names/n42012105
|
| 856 |
4 |
0 |
|u https://purl.fdlp.gov/GPO/gpo89126
|t 0
|
| 999 |
f |
f |
|s 2347ffab-13fc-3831-b01e-6e2bd07b5088
|i c4ce18dc-4fbf-35fd-b6d6-ae974302d703
|t 0
|
| 952 |
f |
f |
|a Texas A&M University
|b College Station
|c Electronic Resources
|d Available Online
|t 0
|e I 19.16:655-K
|h Superintendent of Documents classification
|
| 998 |
f |
f |
|a I 19.16:655-K
|t 0
|l Available Online
|